El poema del Mío Cid

Saved in:
Bibliografiske detaljer
Format: Bog
Sprog:spansk
Udgivet: Zaragoza Ebro 1979
Udgivelse:14a. ed
Serier:Clásicos Ebro. Clásicos españoles, 26
Fag:
Tags: Tilføj Tag
Ingen Tags, Vær først til at tagge denne postø!

MARC

LEADER 00000nam a2200000 a 4500
001 UCQ1323
003 CL-VaPUC
008 980709e19790000SP |||||||||||||||||spa|d
082 0 4 |a 861  |b POE  |2 21 
245 1 3 |a El poema del Mío Cid 
250 |a 14a. ed 
300 |a 211 p 
942 |c BK 
945 |d 19980709 00:00:00  |a lriquelm 
260 |a Zaragoza  |b Ebro  |c 1979 
650 7 |a POESIAS EPICAS ESPAÑOLAS  |2 CL-VaPUC  |9 267774 
650 0 |a Literatura española  |9 306261 
583 |a last modification  |c 19980709 00:00:00  |k Rodrigo Vera 
490 0 |a Clásicos Ebro. Clásicos españoles, 26 
999 |c 272325  |d 272323 
952 |0 0  |1 0  |4 0  |6 861_000000000000000_POE_1979  |7 0  |8 A  |9 307224  |a BIBEDU  |b BIBEDU  |d 2019-11-20  |i 143411K  |l 4  |o 861 POE 1979  |p 143411K  |r 2022-10-04  |s 2022-09-27  |w 2019-11-20  |y BK  |k LIT